000 00818cam8a220024100 4500
001 lce00487604
008 700911s1969 it b 001 0beng
010 _a 78497431 //r872
015 _aIt69-May
035 _a(Sirsi) r13426
035 _a(DLC) 78497431 //r872
035 _a(UPRA)lce00487604
050 0 _aQC16.L54
_bR4
082 _a509.24
_aB
100 1 _aReilly, P. Conor.
_6A68693.1
245 1 0 _aFrancis Line S.J.: an exiled English scientist, 1595-1675.
260 _aRoma,
_bInstitutum historicum S.I.,
_c1969.
440 0 _aBibliotheca Instituti Historici S.I. ;
_vv. 29
_6S10953.1
504 _aBibliography: p. [139]-140.
600 1 0 _aLine, Francis, 1595-1675.
_dLine, Francis, 1595-1675.
_6S52368.1
949 _aQC16.L54
_wlcc
_i33729000218714
_mMAIN
_p2500
_tBOOK
_lON-SHELF
004 13426
999 _c149477
_d149477